01217nam a2200253 i 4500003000900000005001700009007000300026008004100029020001500070040003000085082001400115100002600129245006600155250001900221264003100240300004500271336002700316337003300343338002800376490002500404505048400429650002100913700002900934DO-SdBNP20240710131446.0ta240710s2023 dr r 000 0 spa d a8497321634 aDO-SdBNPbspacBNPHUerda bR328h222 aRees, W. Davideautor13aHabilidades de dirección /cW. David Rees, Christine Porter a5ta. edición 1aMadrid :bThomson,c2023.  a480 páginas :bilustraciones ;c24 cm. 2rdacontentatextobtxt 2rdamediaasin mediaciónbn 2rdacarrieravolumenbnc aColección negocios aIntroducción xxv|Los directivos y sus antecedentes 1|Definición del trabajo del directivo 28|El directivo y la organización 57|Estilos de dirección 99|Delegación 129|Motivación 149|Sistemas retributivos 175|Comunicación 197|Selección 237|Evaluación 271|Formación 295|Asesoramiento 317|Medidas disciplinarias y despidos 331|Relaciones con los empleados 369|Habilidades de negociación 405|Reuniones y su presidencia 435|Conclusión 459|Indice analítico 463 aAdministración aPorter, Christineeautor